Normal view
MARC view
- Yager, Ronald R, Filev, Dimitar P
Entry Personal Name
001 - CONTROL NUMBER
- control field: 66833
003 - CONTROL NUMBER IDENTIFIER
- control field: NUST
005 - DATE AND TIME OF LATEST TRANSACTION
- control field: 20210628203701.0
008 - FIXED-LENGTH DATA ELEMENTS
- fixed length control field: 210628|| aca||aabn | a|a d
040 ## - CATALOGING SOURCE
- Original cataloging agency: NUST
- Transcribing agency: NUST
100 ## - HEADING--PERSONAL NAME
- Personal name: Yager, Ronald R, Filev, Dimitar P
670 ## - SOURCE DATA FOUND
- Source citation: Work cat.: (NUST): Yager, Ronald R, Filev, Dimitar P, Essentials of fuzzy modeling and control, 2002
